Energetika 2008 = Energy 2008 /

Gespeichert in:
Bibliographische Detailangaben
Körperschaft: Štatistický úrad Slovenskej republiky - pracovisko ŠÚ SR v Bratislave (Bratislava, Slovensko)
Format: Buch
Sprache:Slowakisch
Englisch
Veröffentlicht: Bratislava : Štatistický úrad Slovenskej republiky, 2009
Ausgabe:[1. vyd.]
Schlagworte:
ISBN:9788089358342
Online-Zugang: Volltext
Tags: Tag hinzufügen
Keine Tags, Fügen Sie den ersten Tag hinzu!

MARC

LEADER 00000nam a2200000 4500
003 SK-BrCVT
005 20220617222603.0
008 100119s2009 xo e ||||||slo d
020 |a 9788089358342 
035 |a CVTIDW1516903 
040 |b slo  |a CVTI SR  |e AACR2 
041 1 |a slo  |a eng 
044 |a xo 
080 |a 620.9  |2 UDC-MRF 
080 |a 621.311.2  |2 UDC-MRF 
080 |a 662.6/.9  |2 UDC-MRF 
080 |a 31  |2 UDC-MRF 
110 1 |a Štatistický úrad Slovenskej republiky - pracovisko ŠÚ SR v Bratislave (Bratislava, Slovensko) 
245 1 0 |a Energetika 2008 =  |b Energy 2008 /  |c Štatistický úrad Slovenskej republiky 
250 |a [1. vyd.] 
260 |a Bratislava :  |b Štatistický úrad Slovenskej republiky,  |c 2009 
300 |a 163 s. :  |b tab. ; 
653 1 |a spotreba palív  |a spotreba tepla  |a elektrická energia  |a obnoviteľný zdroj  |a výroba elektriny  |a štatistika 
910 |b A609634 
919 |a 978-80-89358-34-2 
974 |f Knihy 
992 |a APH 
992 |a ARO 
999 |c 151855  |d 151855